LEADER 00818naa a2200205 u 4500 001 000000099172 003 CaOOAMICUS 005 20070226130157.0 008 050928s1984 it u000 u ita u 035 $a11060419 040 $aIAR$bita 100 1 $aRuggieri, Giuseppe.$0(OLS)http://pul/name/7192 245 10$aDalla povertà all'uso e alla proprietà dei beni /$cGiuseppe Ruggieri. 260 $aBologna :$bEd. Dehoniane,$c1984. 300 $aS. 131-150 ;$c22 cm 730 0 $aCristianesimo nella storia$g[Spogli].$0(OLS)http://pul/title/7312 773 0 $aCristianesimo nella storia ;.$tvol. V/1 (1984) 773 0 $tCristianesimo nella storia$w()5012 996 $6245$aDalla povertà all'uso e alla proprietà dei beni$9(OLS)http://pul/title/126051 996 $6260$aBologna :$bEd. Dehoniane$9(OLS)http://pul/publisher/48282 LEADER 01463nam a2200325 a 4500 001 000000143585 003 CaOOAMICUS 005 20150526123809.0 008 150526s1997 it u000 u ita r 020 $z8877634278* 040 $aPUL$bita 110 2 $aUniversità degli Studi di Torino.$bDipartimento di Psicologia.$bSeminari e convegni$n(5 :$d1995 :$cAnsedonia-Orbetello).$0(OLS)http://pul/name/92265 245 10$aTrasformazioni e narrazioni /$ca cura di Carla Gallo Barbisio e Carlo Quaranta. 260 $aTorino :$bTirrenia$g1997 300 $a286 p. ;$c24 cm 490 1 $aNarratives studies 500 $aAtti del Convegno tenuto a Ansedonia nel 1995. 500 $aIn testa al front.: Università degli studi di Torino, Dipartimento di psicologia. 504 $aBibliografia in nota. 650 4$aComunicazione (Psicologia).$0(OLS)http://pul/subject/36911 700 1 $aGallo Barbisio, Carla.$0(OLS)http://pul/name/92263 700 1 $aQuaranta, Carlo.$0(OLS)http://pul/name/92266 830 0$aNarratives studies.$0(OLS)http://pul/title/181675 850 $aPUL 852 $aPUL$W1$xDP1 Fondo S. Lanza$y121$m2 A 81$j156022$qFondi$B166004$CPULBib$Z2$F166004 $HLan1959 $82 941 1 $a1 996 $6020$z8877634278*$9(OLS)http://pul/number/157652 996 $6245$aTrasformazioni e narrazioni$9(OLS)http://pul/title/181676 996 $6260$aTorino :$bTirrenia$9(OLS)http://pul/publisher/70021 LEADER 01805nam a2200385 a 4500 001 000000176776 003 CaOOAMICUS 005 20251010165153.0 008 240418s2023 it u000 u ita r 020 $a978-88-13-37969-8* 032 $aLibriCat 040 $aPUL$bita 082 10$a346.4507 100 1 $aMaffei Alberti, Alberto,$d1935-$0(OLS)http://pul/name/46997 245 10$aCommentario breve alle leggi su crisi d'impresa ed insolvenza / $cAlbero Maffei Alberti ; con la collaborazione di: Sara Addamo ... [et al.] ; coordinamento Gianluca Guerrieri e Veronica Maffei Alberti. 250 $a7. ed. 260 $aPadova :$bCEDAM,$c2023$aMilanofiori Assago :$bWolters Kluwer 300 $aXXI, 3278 p. ;$c22 cm 490 1 $aBreviaria Iuris 500 $aComprende indici. 500 $aTesto su due colonne. 650 4$aImprese$xDiritto e legislazione.$0(OLS)http://pul/subject/25883 700 1 $aAddamo, Sara.$0(OLS)http://pul/name/113631 700 1 $aGuerrieri, Gianluca.$0(OLS)http://pul/name/73853 700 1 $aMaffei Alberti, Veronica.$0(OLS)http://pul/name/113632 830 0$aBreviaria Iuris.$0(OLS)http://pul/title/8521 850 $aPUL 852 $aPUL$W1$xDP2 Diritto e Scienze Sociali 3$y110$m348. 45 COD 1.1.100$j200787$qDDC 21$B205739$CPULBib$Z2$F205739 $H136950 $82 941 1 $a9 996 $6020$a978-88-13-37969-8*$9(OLS)http://pul/number/169662 996 $6082$a346.4507$9(OLS)http://pul/classification/1803 996 $6245$aCommentario breve alle leggi su crisi d'impresa ed insolvenza / $9(OLS)http://pul/title/218260 996 $6260$aPadova :$bCEDAM$9(OLS)http://pul/publisher/48126 996 $6260$aMilanofiori Assago :$bWolters Kluwer$9(OLS)http://pul/publisher/81463